| 000 | 00436nam a2200133 4500 | ||
|---|---|---|---|
| 008 | 130925b xxu||||| |||| 00| 0 eng d | ||
| 022 | _a9966776214 | ||
| 245 | _aNatural Resources Development and Management Policy, 2013 | ||
| 260 |
_aNairobi _bAssociation of Professional Societies in East Africa (Apsea) _c2013 |
||
| 300 | _a28p. | ||
| 650 | _aNatural resource management | ||
| 650 | _aNatural resource development | ||
| 942 |
_2lcc _cPER |
||
| 999 |
_c42207 _d42207 |
||